Mýtus a rituál v křesťanství / Alan W. Watts ; [z angličtiny přeložil Jan Čulík]
Record details
- ISBN: 80-85880-09-1
- Physical Description: 233 s. : il. ; 21 cm
- Edition: Vyd. 1.
- Publisher: [Brno] : Nakladatelství Tomáše Janečka ; 1995
Content descriptions
| General Note: | Pozn. |
| Bibliography, etc. Note: | Odkazy na lit. |
Search for related items by subject
| Subject: | křesťanská symbolika mýty rituály a obřady náboženský kult křesťanská spiritualita |
| Genre: | monografie |
Available copies
- 1 of 1 copy available at Common Catalog SPOK.
Holds
- 0 current holds with 1 total copy.
Show Only Available Copies
| Location | Call Number / Copy Notes | Barcode | Shelving Location | Status | Due Date |
|---|---|---|---|---|---|
| Jabok Library | RE-2.2 | 424480000722 | Odborná literatura | Available | - |
| LDR | 01674nam a2200457 a 4500 | ||
|---|---|---|---|
| 001 | 7409 | ||
| 003 | CZ-PrJAB | ||
| 005 | 20220516094705.0 | ||
| 007 | ta | ||
| 008 | 960515s1995 xr a f 000 0 cze | ||
| 015 | . | ‡acnb000110063 | |
| 020 | . | ‡a80-85880-09-1 ‡q(Nakladatelství Tomáše Janečka ; ‡qbrož.) | |
| 035 | . | ‡a(CZ PrNK)cpk19950110063 | |
| 035 | . | ‡a(OCoLC)36507455 | |
| 040 | . | ‡aABA001 ‡bcze | |
| 041 | 1 | . | ‡acze ‡heng |
| 072 | 7. | ‡a27 ‡xKřesťanství. Křesťanská církev všeobecně. Eklesiologie ‡2Konspekt ‡95 | |
| 080 | . | ‡a29 ‡2undef | |
| 080 | . | ‡a23/28 ‡2undef | |
| 080 | . | ‡a22 ‡2undef | |
| 080 | . | ‡a21 ‡2undef | |
| 100 | 1 | . | ‡aWatts, Alan, ‡d1915-1973 ‡7jn19990008947 ‡4aut |
| 240 | 1 | 0. | ‡aMyth and ritual in christianity. ‡lČesky |
| 245 | 1 | 0. | ‡aMýtus a rituál v křesťanství / ‡cAlan W. Watts ; [z angličtiny přeložil Jan Čulík] |
| 250 | . | ‡aVyd. 1. | |
| 260 | . | ‡a[Brno] : ‡bNakladatelství Tomáše Janečka ; ‡aPraha : ‡bPragma, ‡c1995 | |
| 300 | . | ‡a233 s. : ‡bil. ; ‡c21 cm | |
| 500 | . | ‡aPozn. | |
| 504 | . | ‡aOdkazy na lit. | |
| 650 | 0 | 7. | ‡akřesťanská symbolika ‡7ph135701 ‡2czenas |
| 650 | 0 | 7. | ‡amýty ‡7ph123146 ‡2czenas |
| 650 | 0 | 7. | ‡arituály a obřady ‡7ph125170 ‡2czenas |
| 650 | 0 | 7. | ‡anáboženský kult ‡7ph146589 ‡2czenas |
| 650 | 0 | 7. | ‡akřesťanská spiritualita ‡7ph138493 ‡2czenas |
| 655 | 7. | ‡amonografie ‡7fd132842 ‡2czenas | |
| 700 | 1 | . | ‡aČulík, Jan, ‡d1925-1995 ‡7jo20000075585 ‡4trl |
| 910 | . | ‡aABG312 | |
| 901 | . | ‡a7409 ‡bUnknown ‡c7409 ‡tbiblio | |